00689 2200181 4500001002100000005001500021035002000036245005900056100001900115250001700134300002800151260003100179082001000210084001600220020002200236650001800258520023100276INLIS00000000000005820240423121439 a0010-04240000021 aSeri Benda Langit Bercerita :bBulan /cErlita Pratiwi0 aErlita Pratiwi acetakan ke-1 a32 hlm :bilus ;c25 cm aSolo :bTiga Ananda,c2020 a523.3 a523.3 ERL s a978-623-206-564-2 4aNonfiksi anak aHai, aku Bulan. Aku menerangi malam yang gelap. Tahukah kamu bagaimana aku terbentuk? Lalu, mengapa aku tampak terang benderang di malam hari? Yuk, ikuti ceritaku! Kamu dapat belajar berbagai pengetahuan seru tentangku, Bulan.